[Event "Cto Aragón Equipos Pref Gr II"]
[Site "Aragon"]
[Date "2015.02.21"]
[Round "5.54"]
[White "Alonso Blasco, Jose Miguel"]
[Black "Garcia Montolar, Cesar"]
[Result "1-0"]
[WhiteElo "2078"]
[BlackElo "1834"]
[PlyCount "67"]
[EventDate "2015.01.24"]
[WhiteTeam "Las Fuentes"]
[BlackTeam "Tauste B"]

1. e4 c5 2. Nf3 d6 3. Bb5+ Nc6 4. O-O e6 5. Re1 Bd7 6. c3 Qb6 7. Bf1 Nf6 8. d4
d5 9. exd5 Nxd5 10. c4 Nc7 11. d5 Nd4 12. Nc3 f6 13. Nxd4 cxd4 14. dxe6 Bc6 15.
Nd5 Bxd5 16. cxd5 Be7 17. Bf4 O-O 18. Bxc7 Qxc7 19. Qxd4 Bc5 20. Qd2 Qd6 21. a3
Rfe8 22. Bb5 Re7 23. Bd7 Rd8 24. Red1 Kf8 25. Rac1 Bb6 26. g3 Kg8 27. Qf4 Rexd7
28. exd7 Qxd7 29. d6 Kf8 30. Rc2 Qe6 31. b4 Rd7 32. Rc8+ Bd8 33. Qf3 Rxd6 34.
Rxd8+ 1-0

[Event "Cto Aragón Equipos Pref Gr II"]
[Site "Aragon"]
[Date "2015.02.21"]
[Round "5.55"]
[White "Zalaya Gracia, Alejandro"]
[Black "Mombiela De Sus, Jose Luis"]
[Result "1-0"]
[WhiteElo "1797"]
[BlackElo "1999"]
[PlyCount "73"]
[EventDate "2015.01.24"]
[WhiteTeam "Tauste B"]
[BlackTeam "Las Fuentes"]

1. f4 g6 2. Nf3 Bg7 3. g3 Nf6 4. Bg2 O-O 5. O-O d6 6. d4 Nbd7 7. c3 c6 8. Qc2
d5 9. Nbd2 Ng4 10. Nb3 f5 11. Ne5 Ndf6 12. h3 Nh6 13. Nd2 Be6 14. b3 Nf7 15. e3
Rc8 16. Ba3 Nd6 17. Kh2 b6 18. c4 Nfe4 19. Bxe4 fxe4 20. Rac1 Kh8 21. g4 Nf7
22. Qd1 Nxe5 23. dxe5 g5 24. f5 Bxe5+ 25. Kg2 Bg8 26. cxd5 Qxd5 27. Bxe7 Rfe8
28. Bxg5 b5 29. Qc2 c5 30. Kg1 c4 31. bxc4 bxc4 32. Qxe4 Bh2+ 33. Kh1 Qxe4+ 34.
Nxe4 Bd5 35. Kxh2 Bxe4 36. f6 Bd5 37. f7 1-0

[Event "Cto Aragón Equipos Pref Gr II"]
[Site "Aragon"]
[Date "2015.02.21"]
[Round "5.56"]
[White "Querol Soro, Sergio"]
[Black "San Lazaro Lorente, David"]
[Result "0-1"]
[WhiteElo "1993"]
[BlackElo "1751"]
[PlyCount "54"]
[EventDate "2015.01.24"]
[WhiteTeam "Las Fuentes"]
[BlackTeam "Tauste B"]

1. b4 d5 2. Bb2 e6 3. Nf3 Nf6 4. b5 c5 5. e3 Bd6 6. c4 O-O 7. Be2 Nbd7 8. O-O
b6 9. d4 Bb7 10. Nbd2 cxd4 11. Nxd4 Nc5 12. cxd5 Bxd5 13. Nc4 Bc7 14. Rc1 Nfe4
15. Bf3 Qh4 16. g3 Qh3 17. Bg2 Qh6 18. Ne2 Rad8 19. Qc2 Bxc4 20. Qxc4 Nd2 21.
Qc3 Nxf1 22. Kxf1 Rd3 23. Qc4 Rfd8 24. Nd4 Qh5 25. Bf3 Qxh2 26. Nc6 Rd2 27. Bg2
Rxf2+ 0-1

[Event "Cto Aragón Equipos Pref Gr II"]
[Site "Aragon"]
[Date "2015.02.21"]
[Round "5.57"]
[White "Planas Torrea, Francisco Javie"]
[Black "Garcia Gracia, Victor Hugo"]
[Result "1/2-1/2"]
[WhiteElo "2032"]
[BlackElo "2003"]
[PlyCount "57"]
[EventDate "2015.01.24"]
[WhiteTeam "Ejea"]
[BlackTeam "Santa Isabel"]

1. Nf3 g6 2. d4 Bg7 3. c4 d6 4. e4 c5 5. Nc3 cxd4 6. Nxd4 Nc6 7. Be3 Nf6 8. Be2
O-O 9. O-O a6 10. a4 Qc7 11. f3 Qb6 12. Qb3 Qxb3 13. Nxb3 Be6 14. Nd5 Nd7 15.
Rab1 Rfc8 16. Rfc1 Bxd5 17. cxd5 Nb4 18. Na5 b6 19. Nc6 Nxc6 20. Rxc6 Rxc6 21.
dxc6 Nc5 22. b3 Rc8 23. Rc1 a5 24. Bxc5 dxc5 25. Bb5 Kf8 26. Rd1 Bd4+ 27. Kf1
e6 28. Ke2 Ke7 29. f4 1/2-1/2

[Event "Cto Aragón Equipos Pref Gr II"]
[Site "Aragon"]
[Date "2015.02.21"]
[Round "5.58"]
[White "Perez Boy, Pedro"]
[Black "Planas Torrea, Alberto"]
[Result "0-1"]
[WhiteElo "1816"]
[BlackElo "1928"]
[PlyCount "46"]
[EventDate "2015.01.24"]
[WhiteTeam "Santa Isabel"]
[BlackTeam "Ejea"]

1. e4 e5 2. f4 exf4 3. Nf3 d5 4. e5 g5 5. h3 Bg7 6. d4 h6 7. c4 Ne7 8. Nc3 c6
9. Bd3 O-O 10. b3 Re8 11. O-O Be6 12. Bb2 Nd7 13. Re1 Nb6 14. cxd5 Nbxd5 15.
Ne4 Nf5 16. Bc1 Bf8 17. Nfxg5 hxg5 18. Qh5 Bh6 19. g4 Kg7 20. gxf5 Bxf5 21. h4
Bg6 22. Qg4 f5 23. exf6+ Nxf6 0-1

[Event "Cto Aragón Equipos Pref Gr II"]
[Site "Aragon"]
[Date "2015.02.21"]
[Round "5.59"]
[White "Marcellan Peire, Jesus Eduardo"]
[Black "Peris Laorden, Gerardo"]
[Result "1-0"]
[WhiteElo "1912"]
[BlackElo "1784"]
[PlyCount "53"]
[EventDate "2015.01.24"]
[WhiteTeam "Ejea"]
[BlackTeam "Santa Isabel"]

1. d4 Nf6 2. c4 g6 3. Nc3 Bg7 4. e4 O-O 5. f3 d6 6. Be3 c6 7. Bd3 Nbd7 8. Qd2
a6 9. Nge2 b5 10. cxb5 cxb5 11. O-O Bb7 12. a4 b4 13. Nd1 a5 14. Bf2 Ne8 15.
Ne3 Nc7 16. f4 Nf6 17. d5 Ba6 18. Nd4 Bxd3 19. Qxd3 Na6 20. Nc6 Nc5 21. Qb5 Qc7
22. e5 Nfe4 23. Rac1 e6 24. Rfd1 Nb3 25. Rc2 Nxf2 26. Kxf2 dxe5 27. d6 1-0

[Event "Cto Aragón Equipos Pref Gr II"]
[Site "Aragon"]
[Date "2015.02.21"]
[Round "5.60"]
[White "Casanova Aldana, Gabriel"]
[Black "Merin Flores, Miguel Angel"]
[Result "1/2-1/2"]
[WhiteElo "1621"]
[BlackElo "1712"]
[PlyCount "80"]
[EventDate "2015.01.24"]
[WhiteTeam "Santa Isabel"]
[BlackTeam "Ejea"]

1. e4 c6 2. d4 d5 3. Nd2 Qb6 4. c3 dxe4 5. Nxe4 Nd7 6. Nf3 Ngf6 7. Bd3 Nxe4 8.
Bxe4 Nf6 9. Bc2 Bg4 10. Bb3 e6 11. Be3 Nd5 12. O-O Bd6 13. c4 Nxe3 14. fxe3 Qd8
15. Qe1 O-O 16. Bd1 Rc8 17. Qh4 Qxh4 18. Nxh4 Bxd1 19. Raxd1 Rcd8 20. b3 Bc7
21. Nf3 Ba5 22. Ng5 Rd7 23. Kf2 Rfd8 24. Ke2 Bc7 25. h3 a5 26. Ne4 Re7 27. Nc3
Ra8 28. a4 Rd8 29. e4 Red7 30. d5 Be5 31. dxc6 bxc6 32. Rxd7 Rxd7 33. Rd1 Rxd1
34. Nxd1 Kf8 35. Ne3 Ke7 36. Nc2 Kd6 37. Kf3 Kc5 38. Ke3 Bh2 39. Kf2 Be5 40.
Ke3 Bh2 1/2-1/2

[Event "Cto Aragón Equipos Pref Gr II"]
[Site "Aragon"]
[Date "2015.02.21"]
[Round "5.62"]
[White "Martinez Asensio, Juan Miguel"]
[Black "Cabrera Moreno, Daniel"]
[Result "1-0"]
[WhiteElo "2069"]
[BlackElo "2178"]
[PlyCount "97"]
[EventDate "2015.01.24"]
[WhiteTeam "Agrupacion B"]
[BlackTeam "La Aurora Estadilla B"]

1. c4 Nf6 2. g3 c5 3. Bg2 d5 4. cxd5 Nxd5 5. Nc3 Nc7 6. Nf3 Nc6 7. O-O e5 8.
Ne1 h5 9. Nd3 h4 10. Bxc6+ bxc6 11. Qa4 hxg3 12. fxg3 Qd4+ 13. Rf2 Bd7 14. b3
Nd5 15. Qxd4 exd4 16. Ne4 Rh5 17. Nexc5 Bxc5 18. Nxc5 Nf4 19. Rxf4 Rxc5 20.
Rxd4 O-O-O 21. Bb2 g6 22. Bc3 Be6 23. Rxd8+ Kxd8 24. Rf1 Rf5 25. Rxf5 Bxf5 26.
Kf2 Bb1 27. a3 Ba2 28. b4 Kd7 29. Ke3 Bc4 30. d3 Bb3 31. g4 Ke6 32. h4 a6 33.
h5 gxh5 34. gxh5 Kf5 35. Bg7 Bd1 36. Kd2 Ba4 37. Kc3 Kg5 38. h6 Kg6 39. e4 Bd1
40. Kd4 Bc2 41. Ke3 Bd1 42. d4 Bb3 43. Kf4 Bc2 44. d5 cxd5 45. exd5 f5 46. Ke5
Ba4 47. Kd6 f4 48. Kc7 f3 49. Bd4 1-0

[Event "Cto Aragón Equipos Pref Gr II"]
[Site "Aragon"]
[Date "2015.02.21"]
[Round "5.63"]
[White "Solano Lasierra, Javier"]
[Black "Lopez Guaita, Fernando"]
[Result "0-1"]
[WhiteElo "2167"]
[BlackElo "1967"]
[PlyCount "76"]
[EventDate "2015.01.24"]
[WhiteTeam "La Aurora Estadilla B"]
[BlackTeam "Agrupacion B"]

1. e4 e5 2. Nf3 d6 3. d4 Bg4 4. Bc4 Nc6 5. c3 Bxf3 6. Qxf3 Qf6 7. Qg3 Qg6 8.
Qxg6 hxg6 9. Bb5 a6 10. Bxc6+ bxc6 11. dxe5 dxe5 12. Be3 f5 13. f3 Nf6 14. exf5
gxf5 15. Nd2 Nd5 16. Nc4 Rh4 17. f4 Nxe3 18. Nxe3 Rxf4 19. O-O-O g6 20. b3 Rf2
21. Kb1 Rd8 22. Rxd8+ Kxd8 23. g3 e4 24. Nc4 Bg7 25. h4 Bxc3 26. h5 gxh5 27.
Rxh5 Bd4 28. Rh4 c5 29. Rf4 Ke7 30. Kc1 e3 31. Kd1 e2+ 32. Ke1 Bc3+ 33. Nd2
Rxf4 34. gxf4 Kf6 35. Kxe2 Bxd2 36. Kxd2 Kg6 37. Ke3 Kh5 38. Kf3 Kh4 0-1

[Event "Cto Aragón Equipos Pref Gr II"]
[Site "Aragon"]
[Date "2015.02.21"]
[Round "5.64"]
[White "Zubialde Ayala, Gonzalo"]
[Black "Pellicer Cemeli, Jose Luis"]
[Result "0-1"]
[WhiteElo "1751"]
[BlackElo "2034"]
[PlyCount "80"]
[EventDate "2015.01.24"]
[WhiteTeam "Agrupacion B"]
[BlackTeam "La Aurora Estadilla B"]

1. e4 e6 2. Nf3 b6 3. Nc3 Bb7 4. d4 Bb4 5. Bd3 Nf6 6. Qe2 d5 7. e5 Ne4 8. Bxe4
dxe4 9. Nd2 Qxd4 10. Qc4 Bxc3 11. Qxc3 Qxc3 12. bxc3 Nd7 13. Nc4 Ba6 14. Nd2
Bb7 15. O-O Nxe5 16. Re1 Rd8 17. f3 Ke7 18. Nxe4 Bxe4 19. Rxe4 Ng6 20. Be3 Rd7
21. Re1 Rc8 22. Ra4 c5 23. Re4 Kf8 24. a4 Ne7 25. c4 Nc6 26. c3 Rd3 27. Rc1
Rcd8 28. Kf2 R8d7 29. Ke2 R3d6 30. Rc2 h6 31. Bf4 Rd1 32. Rd2 R7xd2+ 33. Bxd2
Ra1 34. Kd3 Rxa4 35. g4 Ra1 36. Kc2 Rf1 37. Re3 Rf2 38. h4 Na5 39. Kd3 Rxd2+
40. Kxd2 Nxc4+ 0-1

[Event "Cto Aragón Equipos Pref Gr II"]
[Site "Aragon"]
[Date "2015.02.21"]
[Round "5.66"]
[White "Galvez Perez, Jose Luis"]
[Black "Sarto Ramos, Angel"]
[Result "0-1"]
[WhiteElo "1947"]
[BlackElo "1967"]
[PlyCount "69"]
[EventDate "2015.01.24"]
[WhiteTeam "Caissa B"]
[BlackTeam "El Olivar C"]

1. d4 d5 2. c4 c6 3. cxd5 cxd5 4. Nc3 Nf6 5. Bf4 a6 6. e3 Nbd7 7. Bd3 e6 8. Nf3
Be7 9. Qc2 O-O 10. Ne5 h6 11. O-O-O Nxe5 12. Bxe5 Bd7 13. Kb1 Qa5 14. h4 Rac8
15. g4 Ne4 16. Bxe4 dxe4 17. g5 h5 18. d5 exd5 19. Qb3 Bc6 20. g6 Qb4 21. gxf7+
Kxf7 22. Qxb4 Bxb4 23. Nxd5 Bxd5 24. Rxd5 Rfd8 25. Rd4 Rxd4 26. exd4 Be7 27.
Re1 Bxh4 28. Rxe4 Bf6 29. f4 h4 30. Re3 Rh8 31. Rh3 Ke6 32. Kc2 Kf5 33. Kd3
Bxe5 34. fxe5 g5 35. Rf3+ 0-1

[Event "Cto Aragón Equipos Pref Gr II"]
[Site "Aragon"]
[Date "2015.02.21"]
[Round "5.67"]
[White "De La Riva Fernandez, Eduardo"]
[Black "Vasilev, Vas"]
[Result "1/2-1/2"]
[WhiteElo "1944"]
[BlackElo "1943"]
[PlyCount "91"]
[EventDate "2015.01.24"]
[WhiteTeam "El Olivar C"]
[BlackTeam "Caissa B"]

1. e4 g6 2. d4 d6 3. c4 Bg7 4. Nc3 c5 5. Be3 cxd4 6. Bxd4 Nf6 7. Nd5 O-O 8. Bd3
Nc6 9. Nxf6+ exf6 10. Bc3 Re8 11. Ne2 Ne5 12. O-O Qe7 13. Ng3 h5 14. h4 Be6 15.
b3 Rac8 16. Rc1 Bh6 17. Rc2 Rc7 18. Bd2 Bg7 19. Be2 Rec8 20. f4 Nc6 21. f5 Bd7
22. Rc3 Ne5 23. Bxh5 b5 24. Be2 bxc4 25. Qc1 Bb5 26. a4 Ba6 27. fxg6 fxg6 28.
h5 d5 29. exd5 Qc5+ 30. Be3 Qxd5 31. hxg6 Bb7 32. Bf3 Nxf3+ 33. gxf3 f5 34.
Rxc4 Rxc4 35. bxc4 Rxc4 36. Qb1 f4 37. Nf5 Qe5 38. Qxb7 fxe3 39. Qd7 Rc7 40.
Qd8+ Bf8 41. Qg5 Rc5 42. Nh6+ Bxh6 43. Qxh6 Qg5+ 44. Qxg5 Rxg5+ 45. Kh2 Rxg6
46. Re1 1/2-1/2

[Event "Cto Aragón Equipos Pref Gr II"]
[Site "Aragon"]
[Date "2015.02.21"]
[Round "5.68"]
[White "Garcia Lopez, Antonio"]
[Black "Hernandez Delgado, Gabriel"]
[Result "0-1"]
[WhiteElo "1792"]
[BlackElo "1925"]
[PlyCount "80"]
[EventDate "2015.01.24"]
[WhiteTeam "Caissa B"]
[BlackTeam "El Olivar C"]

1. e4 d5 2. exd5 Nf6 3. c4 e6 4. dxe6 Bxe6 5. Nc3 Nc6 6. Nf3 Bc5 7. Be2 O-O 8.
O-O Qd7 9. a3 a5 10. Qc2 Bf5 11. d3 Rfe8 12. Bg5 Nd4 13. Nxd4 Bxd4 14. Bxf6
Bxf6 15. Nd5 Bd4 16. Qd2 Ra6 17. Ne3 Bg6 18. Bf3 Rb6 19. Nd5 Rxb2 20. Qxa5 c6
21. Nc3 Bxd3 22. Ne4 Bxe4 23. Bxe4 Rxe4 24. Rae1 Bxf2+ 25. Rxf2 Rxe1+ 26. Qxe1
Rxf2 27. Qxf2 Qd1+ 28. Qf1 Qxf1+ 29. Kxf1 f5 30. Ke2 Kf7 31. Ke3 c5 32. a4 Kf6
33. h4 Ke5 34. a5 g6 35. g3 h6 36. Kd3 g5 37. hxg5 hxg5 38. Ke3 f4+ 39. gxf4+
gxf4+ 40. Kf3 Kf5 0-1

[Event "Cto Aragón Equipos Pref Gr II"]
[Site "Aragon"]
[Date "2015.02.21"]
[Round "5.69"]
[White "Chueca Lorente, Javier"]
[Black "Hinojar Basa, Alfonso"]
[Result "0-1"]
[WhiteElo "2039"]
[BlackElo "2204"]
[PlyCount "86"]
[EventDate "2015.01.24"]
[WhiteTeam "St. Casablanca D"]
[BlackTeam "Marcos Frechin"]

1. e4 e6 2. d4 d5 3. Nd2 Nf6 4. e5 Nfd7 5. Bd3 c5 6. c3 Nc6 7. Ne2 cxd4 8. cxd4
f6 9. Nf4 Nxd4 10. Qh5+ Ke7 11. Ng6+ hxg6 12. exf6+ Nxf6 13. Qxh8 Kf7 14. O-O
e5 15. Nb3 Nxb3 16. axb3 Bf5 17. Bxf5 gxf5 18. Qh3 g6 19. Bg5 Bc5 20. Rac1 Bb6
21. Rfe1 e4 22. Qg3 d4 23. Qe5 Qe7 24. Bxf6 Qxf6 25. Qd5+ Kf8 26. Qxb7 Rd8 27.
Rc6 Qf7 28. Rxb6 axb6 29. Qxb6 Rd7 30. Rc1 d3 31. Qb4+ Kg7 32. h4 Qf6 33. Qc3
Qxc3 34. bxc3 f4 35. Kf1 e3 36. Rb1 Ra7 37. b4 Ra2 38. fxe3 fxe3 39. Re1 Rf2+
40. Kg1 Re2 41. Rb1 d2 42. Kf1 Rf2+ 43. Kg1 Rf7 0-1

[Event "Cto Aragón Equipos Pref Gr II"]
[Site "Aragon"]
[Date "2015.02.21"]
[Round "5.70"]
[White "Sancho Cortes, Miguel Angel"]
[Black "Garcia Andres, Daniel"]
[Result "1/2-1/2"]
[WhiteElo "2047"]
[BlackElo "2017"]
[PlyCount "56"]
[EventDate "2015.01.24"]
[WhiteTeam "Marcos Frechin"]
[BlackTeam "St. Casablanca D"]

1. d4 c5 2. e4 cxd4 3. c3 dxc3 4. Nxc3 d6 5. Nf3 Nc6 6. Bc4 g6 7. O-O Bg7 8. h3
Nf6 9. Qe2 O-O 10. Rd1 Nd7 11. Bg5 Nde5 12. Nxe5 Bxe5 13. Nd5 Be6 14. f4 Bg7
15. Kh1 Bxd5 16. exd5 Nd4 17. Rxd4 Bxd4 18. Bxe7 Re8 19. Bxd8 Rxe2 20. Bxe2
Rxd8 21. Rc1 Bxb2 22. Rb1 Bd4 23. Rxb7 Re8 24. Bd3 Kg7 25. Rb1 Bf2 26. g4 Re1+
27. Rxe1 Bxe1 28. Kg2 h6 1/2-1/2

[Event "Cto Aragón Equipos Pref Gr II"]
[Site "Aragon"]
[Date "2015.02.21"]
[Round "5.71"]
[White "Goni Navarro, Pablo"]
[Black "Forcen Esteban, Victor"]
[Result "1-0"]
[WhiteElo "1930"]
[BlackElo "1916"]
[PlyCount "45"]
[EventDate "2015.01.24"]
[WhiteTeam "St. Casablanca D"]
[BlackTeam "Marcos Frechin"]

1. c4 Nf6 2. Nf3 g6 3. Nc3 Bg7 4. e4 d6 5. d4 O-O 6. h3 e5 7. d5 Nbd7 8. Be3
Nh5 9. g3 Qe8 10. Be2 a6 11. Nd2 Nhf6 12. g4 h6 13. h4 Kh7 14. g5 Ng8 15. h5
Qe7 16. Bg4 Nc5 17. Bxc8 Raxc8 18. Nb3 Nxb3 19. axb3 Qe8 20. gxh6 Bxh6 21.
hxg6+ Kg7 22. Qh5 Bxe3 23. fxe3 1-0

[Event "Cto Aragón Equipos Pref Gr II"]
[Site "Aragon"]
[Date "2015.02.21"]
[Round "5.72"]
[White "Gaspar Calvo, Luis Alberto"]
[Black "Zambrana Petisme, Ramiro"]
[Result "0-1"]
[WhiteElo "1883"]
[BlackElo "1908"]
[PlyCount "98"]
[EventDate "2015.01.24"]
[WhiteTeam "Marcos Frechin"]
[BlackTeam "St. Casablanca D"]

1. e4 c5 2. Nf3 g6 3. d4 cxd4 4. Qxd4 Nf6 5. e5 Nc6 6. Qa4 Nd5 7. Qe4 Ndb4 8.
Bb5 Bg7 9. O-O O-O 10. Bxc6 Nxc6 11. Nc3 d6 12. exd6 Qxd6 13. Bf4 Qc5 14. Be3
Qf5 15. Qh4 Qg4 16. Qg3 Qxg3 17. hxg3 Bf5 18. Rfd1 Rfd8 19. Rxd8+ Rxd8 20. Rc1
b6 21. a3 Na5 22. Nh4 Be6 23. Rd1 Rxd1+ 24. Nxd1 Nc4 25. Bc1 Bg4 26. f3 Bd7 27.
b3 Nd6 28. c4 Bd4+ 29. Kf1 f6 30. f4 Ne4 31. Nf3 Nxg3+ 32. Ke1 Bc5 33. b4 Bd6
34. Nf2 Kf7 35. Nd3 Ne4 36. Be3 Bc7 37. c5 Bg4 38. cxb6 axb6 39. Nb2 Nc3 40.
Nd4 Bd7 41. Nc4 Nd5 42. b5 e6 43. Nc6 Nxe3 44. Nxe3 Bxc6 45. bxc6 Bxf4 46. Nc4
Bc7 47. a4 e5 48. Kd2 Ke6 49. Ne3 Kd6 0-1

[Event "Cto Aragón Ajedrez Equipos DH Gr I"]
[Site "Aragon"]
[Date "2015.02.28"]
[Round "6.1"]
[White "Forcen Esteban, Daniel"]
[Black "Villuendas Valero, Adrian"]
[Result "1-0"]
[WhiteElo "2526"]
[BlackElo "2288"]
[PlyCount "95"]
[EventDate "2015.01.24"]
[WhiteTeam "Jaime Casas"]
[BlackTeam "St. Casablanca B"]

1. d4 d5 2. c4 dxc4 3. e4 e5 4. Nf3 exd4 5. Bxc4 Bb4+ 6. Nbd2 Nc6 7. O-O Bxd2
8. Bxd2 Qf6 9. e5 Qg6 10. Ng5 Nh6 11. e6 Bxe6 12. Bxe6 fxe6 13. Nxe6 Qxe6 14.
Re1 Ne5 15. Bxh6 O-O 16. Bxg7 Kxg7 17. Qxd4 Rad8 18. Qxe5+ Qxe5 19. Rxe5 Rd2
20. Re7+ Kg6 21. Rf1 Rxb2 22. Rxc7 Rf7 23. Rxf7 Kxf7 24. Ra1 b5 25. a3 a5 26.
g3 Ke6 27. Kg2 Kf5 28. Rc1 a4 29. Rc7 Kg6 30. Rb7 Rb3 31. Rb6+ Kg7 32. g4 Rxa3
33. Rxb5 Rb3 34. Ra5 a3 35. h4 Kg6 36. Ra6+ Kg7 37. g5 Kf7 38. f3 Rb2+ 39. Kg3
a2 40. h5 Kg7 41. f4 Rb3+ 42. Kg4 Rb2 43. h6+ Kf8 44. f5 Rb4+ 45. Kh5 Rb5 46.
Rxa2 Rxf5 47. Ra8+ Ke7 48. Ra7+ 1-0

[Event "Cto Aragón Ajedrez Equipos DH Gr I"]
[Site "Aragon"]
[Date "2015.02.28"]
[Round "6.2"]
[White "Gimenez Martinez, Alberto"]
[Black "Antoli Royo, Joaquin Miguel"]
[Result "1/2-1/2"]
[WhiteElo "2158"]
[BlackElo "2437"]
[PlyCount "89"]
[EventDate "2015.01.24"]
[WhiteTeam "St. Casablanca B"]
[BlackTeam "Jaime Casas"]

1. e4 c5 2. Nf3 d6 3. d4 cxd4 4. Nxd4 Nf6 5. Nc3 Nc6 6. Bg5 Bd7 7. Nb3 Rc8 8.
Be2 a6 9. f4 b5 10. Bf3 Qb6 11. Qd2 b4 12. Nd5 Nxd5 13. exd5 Na7 14. Rc1 g6 15.
c4 bxc3 16. Rxc3 Bg7 17. Rxc8+ Nxc8 18. Bh4 Qb5 19. Bf2 O-O 20. Bd4 e5 21. dxe6
fxe6 22. Be2 Qa4 23. Bxg7 Kxg7 24. O-O Rf6 25. Qc3 Ne7 26. g3 Nd5 27. Qa5 Qe4
28. Bf3 Qe3+ 29. Rf2 Bc6 30. Qd2 Qb6 31. Nd4 Bb7 32. Nxe6+ Rxe6 33. Bxd5 Bxd5
34. Qxd5 Re2 35. Qf3 Re3 36. Qd1 Qc5 37. Kg2 Qc6+ 38. Kh3 Qe4 39. Qg4 h5 40.
Qg5 Re2 41. Rxe2 Qxe2 42. Qd5 Qg4+ 43. Kg2 Qe2+ 44. Kh3 Qg4+ 45. Kg2 1/2-1/2

[Event "Cto Aragón Ajedrez Equipos DH Gr I"]
[Site "Aragon"]
[Date "2015.02.28"]
[Round "6.3"]
[White "Garza Marco, Sergio"]
[Black "Cortes Lizano, Jesus"]
[Result "1-0"]
[WhiteElo "2415"]
[BlackElo "2128"]
[PlyCount "55"]
[EventDate "2015.01.24"]
[WhiteTeam "Jaime Casas"]
[BlackTeam "St. Casablanca B"]

1. e4 c5 2. Nf3 d6 3. d4 Nf6 4. Nc3 cxd4 5. Nxd4 a6 6. h3 Nbd7 7. g4 d5 8. exd5
Nb6 9. Bg2 Nfxd5 10. Nxd5 Nxd5 11. O-O e6 12. c4 Nb6 13. Be3 Nd7 14. Qe2 Be7
15. Rfd1 O-O 16. Rac1 Qc7 17. c5 Nf6 18. c6 b5 19. f4 Nd5 20. Bxd5 exd5 21. Qf3
h5 22. g5 Re8 23. Re1 Bd6 24. Qxh5 Re4 25. g6 Bxf4 26. Qh7+ Kf8 27. Qh8+ Ke7
28. Qh4+ 1-0

[Event "Cto Aragón Ajedrez Equipos DH Gr I"]
[Site "Aragon"]
[Date "2015.02.28"]
[Round "6.4"]
[White "Bellosta Lopez, Pablo"]
[Black "Ramiro Ovejero, Juan Luis"]
[Result "1/2-1/2"]
[WhiteElo "2074"]
[BlackElo "2350"]
[PlyCount "96"]
[EventDate "2015.01.24"]
[WhiteTeam "St. Casablanca B"]
[BlackTeam "Jaime Casas"]

1. e4 c6 2. d4 d5 3. exd5 cxd5 4. c4 Nf6 5. Nc3 g6 6. Qb3 Bg7 7. cxd5 O-O 8.
Be2 Nbd7 9. Bf3 Nb6 10. a4 a5 11. Nge2 Bf5 12. O-O Bd3 13. d6 exd6 14. Bxb7 Rb8
15. Bc6 Nbd5 16. Qd1 Nb4 17. Bb5 Bc2 18. Qd2 d5 19. f3 Ne8 20. Qg5 Bf6 21. Qg3
Nd6 22. Bf4 Rb6 23. Be5 Nf5 24. Bxf6 Qxf6 25. Qf4 g5 26. Qd2 Nd6 27. Na2 Nxa2
28. Rxa2 Bb3 29. Raa1 Bc4 30. Nc3 Rd8 31. Rfe1 h6 32. Re5 Rbb8 33. Nxd5 Bxd5
34. Rxd5 Nxb5 35. Rxb5 Rxb5 36. axb5 Rxd4 37. Qxa5 Rd6 38. Qc3 Qd8 39. Re1 Qb6+
40. Qe3 Qxb5 41. Qe8+ Qxe8 42. Rxe8+ Kg7 43. Rb8 Rd2 44. b4 Rb2 45. b5 h5 46.
h4 gxh4 47. Kh2 Rb1 48. b6 Kf6 1/2-1/2

[Event "Cto Aragón Ajedrez Equipos DH Gr I"]
[Site "Aragon"]
[Date "2015.02.28"]
[Round "6.5"]
[White "Salamero Pelay, Fernando"]
[Black "Gracia Campo, Carlos Alberto"]
[Result "1/2-1/2"]
[WhiteElo "2164"]
[BlackElo "2076"]
[PlyCount "110"]
[EventDate "2015.01.24"]
[WhiteTeam "Club atletismo Huesca"]
[BlackTeam "El Olivar B"]

1. e4 d6 2. d4 Nf6 3. Nc3 g6 4. Bg5 Bg7 5. Qd2 O-O 6. O-O-O c6 7. f3 b5 8. e5
dxe5 9. dxe5 Qxd2+ 10. Rxd2 b4 11. Na4 Nd5 12. Bc4 h6 13. Bh4 Ne3 14. Bb3 Nf5
15. Bf2 Bxe5 16. g4 Nd6 17. Be3 Bg7 18. Ne2 Nd7 19. Bf4 Ne5 20. Nd4 Nec4 21.
Nxc6 Nxd2 22. Nxe7+ Kh7 23. Bxd2 Be6 24. Bxb4 Bxb3 25. axb3 Be5 26. Nd5 Rfd8
27. h4 Nb5 28. c4 Nd4 29. Nc5 Rac8 30. f4 Ne2+ 31. Kb1 Nxf4 32. Nxf4 Bxf4 33.
Rf1 g5 34. Ne4 Rd3 35. Bc3 Kg8 36. hxg5 Bxg5 37. Nxg5 hxg5 38. Rh1 f6 39. Bxf6
Kf7 40. Kc2 Rg3 41. Bxg5 Rxg4 42. Bd2 Rg2 43. Kc3 Rg3+ 44. Kc2 Rg2 45. Rh7+ Ke6
46. Rh6+ Ke7 47. Kc3 Rf8 48. Rh3 Rfg8 49. Re3+ Kd7 50. Rd3+ Kc8 51. Kb4 Rd8 52.
Rxd8+ Kxd8 53. Be3 a6 54. Bd4 Kc7 55. Ka5 Kb7 1/2-1/2

[Event "Cto Aragón Ajedrez Equipos DH Gr I"]
[Site "Aragon"]
[Date "2015.02.28"]
[Round "6.6"]
[White "Veras Sanz, Marino"]
[Black "Luis Vitalla, Fernando"]
[Result "1/2-1/2"]
[WhiteElo "2057"]
[BlackElo "2143"]
[PlyCount "82"]
[EventDate "2015.01.24"]
[WhiteTeam "El Olivar B"]
[BlackTeam "Club atletismo Huesca"]

1. d4 d5 2. c4 c6 3. Nf3 Nf6 4. Nc3 a6 5. a4 e6 6. g3 dxc4 7. Bg2 c5 8. O-O Nc6
9. dxc5 Qxd1 10. Rxd1 Bxc5 11. Bg5 Bd7 12. Bxf6 gxf6 13. Nd2 Na5 14. Nde4 Be7
15. Nd6+ Bxd6 16. Rxd6 Ke7 17. Rad1 Rhd8 18. Rb6 Bc6 19. Rxd8 Kxd8 20. Bxc6
bxc6 21. Ne4 Kc7 22. Rb4 f5 23. Nc5 Kd6 24. Nb7+ Nxb7 25. Rxb7 Kc5 26. Kf1 a5
27. Ke1 Ra6 28. Kd2 Rb6 29. Rxb6 Kxb6 30. e3 Kc5 31. Kc3 e5 32. f3 e4 33. fxe4
fxe4 34. g4 f6 35. h3 Kd5 36. Kc2 h6 37. h4 Kd6 38. Kd2 Ke6 39. Kc3 Kd5 40. Kc2
Ke5 41. Kc3 Kd5 1/2-1/2

[Event "Cto Aragón Ajedrez Equipos DH Gr I"]
[Site "Aragon"]
[Date "2015.02.28"]
[Round "6.7"]
[White "Laplaza Ara, Carlos"]
[Black "Bailo Remacha, Santiago"]
[Result "1/2-1/2"]
[WhiteElo "1954"]
[BlackElo "2036"]
[PlyCount "79"]
[EventDate "2015.01.24"]
[WhiteTeam "Club atletismo Huesca"]
[BlackTeam "El Olivar B"]

1. d4 Nf6 2. c4 g6 3. Nc3 d5 4. e3 Bg7 5. Nf3 O-O 6. Be2 b6 7. Ne5 Bb7 8. Bf3
e6 9. O-O Nbd7 10. Nxd7 Qxd7 11. b3 c5 12. Bb2 dxc4 13. dxc5 Qxd1 14. Rfxd1
Bxf3 15. gxf3 Nd5 16. Rac1 bxc5 17. bxc4 Nb6 18. Ba3 Nxc4 19. Bxc5 Rfc8 20. Ne4
Nb2 21. Rd2 Rc6 22. Rcc2 f5 23. Nd6 a5 24. Ba3 Raa6 25. Rxc6 Rxc6 26. Bxb2 Bxb2
27. Nxf5 gxf5 28. Rxb2 Rc1+ 29. Kg2 Ra1 30. f4 Kf7 31. Kf3 Kf6 32. Kg3 Rg1+ 33.
Kh4 Ra1 34. Kh5 Rh1 35. h4 Rh2 36. a4 Rg2 37. Kh6 Rg6+ 38. Kxh7 Rg7+ 39. Kh6
Rg6+ 40. Kh7 1/2-1/2

[Event "Cto Aragón Ajedrez Equipos DH Gr I"]
[Site "Aragon"]
[Date "2015.02.28"]
[Round "6.8"]
[White "Arinez Bruna, Octavio"]
[Black "Gomez Zazurca, Rodolfo"]
[Result "1-0"]
[WhiteElo "1979"]
[BlackElo "1710"]
[PlyCount "47"]
[EventDate "2015.01.24"]
[WhiteTeam "El Olivar B"]
[BlackTeam "Club atletismo Huesca"]

1. c4 c6 2. g3 d5 3. Nf3 Nf6 4. Bg2 Bf5 5. Qb3 Qb6 6. Nc3 Qxb3 7. axb3 e6 8. d3
Bd6 9. Nh4 Bg6 10. O-O d4 11. Nxg6 hxg6 12. Nb5 Ke7 13. Nxd4 Nbd7 14. Bg5 Be5
15. Nf3 Bxb2 16. Rab1 Bc3 17. b4 a6 18. Rfc1 Be5 19. Nxe5 Nxe5 20. b5 cxb5 21.
cxb5 Rac8 22. Rxc8 Rxc8 23. Bxb7 Rc2 24. bxa6 1-0

[Event "Cto Aragón Ajedrez Equipos DH Gr I"]
[Site "Aragon"]
[Date "2015.02.28"]
[Round "6.9"]
[White "Llanes Luno, Ricardo"]
[Black "Garcia Fernandez, Javier"]
[Result "1-0"]
[WhiteElo "2176"]
[BlackElo "2210"]
[PlyCount "49"]
[EventDate "2015.01.24"]
[WhiteTeam "Delicias"]
[BlackTeam "Teruel"]

1. e4 c5 2. Nf3 Nc6 3. d4 cxd4 4. Nxd4 g6 5. c4 Nf6 6. Nc3 d6 7. Be2 Bg7 8. Be3
O-O 9. O-O Bd7 10. Rc1 Nxd4 11. Bxd4 Bc6 12. Qd3 Nd7 13. Bxg7 Kxg7 14. b4 b6
15. f4 f5 16. exf5 gxf5 17. Bf3 Rc8 18. Qd4+ Nf6 19. Bxc6 Rxc6 20. Rf3 Rf7 21.
Re3 Kf8 22. Nd5 Kg7 23. Rxe7 Kg6 24. Re6 Qf8 25. Rc3 1-0